| Registos Bibliográficos associados ao registo de autoridade |
|
Etiqueta de registo: 01486nbm 2200301 450 001 1809861 003 http://id.bnportugal.gov.pt/bib/catbnp/1809861 100 ## $a20120416d1793 k y0pory0103 ba 101 0# $apor 105 ## $ay z 000yy 106 ## $ah 200 1# $a[Compromisso da Irmandade do Santíssimo Sacramento situada na Igreja matriz da vila
de Estremoz]$bManuscrito] 210 #1 $d1793 215 ## $a[64] f., enc.$cpapel$d30 cm 300 ## $aOriginal 304 ## $aTreslado da aprovação régia do Compromisso (f. [12-13]) 307 ## $aF. [14-64] em branco; texto enquadrado por esquadria 307 ## $aDesenho a cores e ouro com dois anjos a ladear a custódia com o Santíssimo Sacramento,
à volta a legenda: Bendito e Louvado seja o Santíssimo Sacramento da Eucaristia O
Fruto do Ventre Sagrado da Virgem Puríssima Santa Maria (f. [1]) 310 ## $aEnc. de pele pintada de vermelho. Cercadura gravada a ouro nos dois planos. Na parte
superior, o tít. Compromisso gravado a ouro 317 ## $aPert.: Rafael Maria Rudio (ex-libris) 702 #1 $aRudio,$bRafael Maria$4390$31490356 710 02 $aIrmandade do Santíssimo Sacramento$c(Estremoz)$31490355 801 #0 $aPT$bBN$gRPC 856 40 $uhttps://purl.pt/24954 856 41 $uhttps://purl.pt/24954/service/media/cover/low 856 49 $uhttps://purl.pt/24954/service/media/pdf$qapplication/pdf 958 ## $aBND$bLivre$cDigitalizado$d1$ehttps://purl.pt/24954/service/media/cover/max 966 ## $lBN$mRESMAN$sCOD. 11162$x2
Etiqueta de registo: 00586nam 2200193 450 001 816153 003 http://id.bnportugal.gov.pt/bib/catbnp/816153 100 ## $a19930621d1838 m y0pory01030103ba 101 1# $aita$apor 102 ## $aPT 105 ## $ay z 000iy 106 ## $ar 200 1# $aRoberto do diabo$eopera em 5 actos 210 #9 $aLisboa$cTypographia Lisbonense,$d1838 215 ## $a123 p.$d15 cm 300 ## $aNa folha de rosto: 'Para se representar no Real Theatro de S. Carlos' 300 ## $aPersonagens: Roberto, Bertram, Rambald, Heraldo, Isabel, Alberti, Alice, Um Sacerdote 305 ## $aEd. bilingue em italiano e português 307 ## $aAssin.: 1-7//8, 8//6 316 ## $aTruncado, faltam as pág. 7 a 10$5PTBN: C.N. 171 P. 316 ## $aEx-libris Rafael Maria Rudio$5PTBN: M. 3034 P. 317 ## $aConservatório Nacional$5PTBN: C.N. 170 P.-C.N. 171 P. 317 ## $aTeatro de São Carlos$5PTBN: T.S.C. 1198 P.-T.S.C. 1199 P. 317 ## $aIPPC, Departamento de Musicologia$5PTBN: M. 3033 P.- M. 3034 P. 500 10 $aRobert le diable.$nLibreto 601 02 $aTeatro de São Carlos$j[Libretos]$2SIPOR$31264404 606 ## $aÓperas$j[Libretos]$2SIPOR$31158641 620 ## $dLisboa 675 ## $a78.089.1$vBN$zpor$3506605 675 ## $a82-293$vBN$zpor$3488282 700 #1 $aScribe,$bEugène,$f1791-1861$399191 701 #1 $aMeyerbeer,$bGiacomo,$f1791-1864$4230$399196 702 #1 $aRudio,$bRafael Maria$4390$31490356 712 02 $aTipografia Lisbonense$4610$398275 712 01 $aPortugal.$bConservatório Nacional.$bEscola de Música$4390$31172174 712 01 $aPortugal.$bTeatro Nacional de São Carlos$4390$315629 712 01 $aPortugal.$bInstituto Português do Património Cultural.$bDepartamento de Musicologia$4390$3285717 801 #0 $aPT$bBN$gRPC 966 ## $lBN$mMUSICA$sC.N. 170 P. $x6 966 ## $lBN$mMUSICA$sC.N. 171 P. $x6 966 ## $lBN$mMUSICA$sM. 64 P. $x2 966 ## $lBN$mMUSICA$sM. 3033 P.$x7 966 ## $lBN$mMUSICA$sM. 3034 P.$x7 966 ## $lBN$mMUSICA$sT.S.C. 1198 P.$x6 966 ## $lBN$mMUSICA$sT.S.C. 1199 P.$x6 976 ## $d20260528$rmemarques 997 ## $aBIBEOD
|
|
|